RICS members advise on the use of cavity wall insulation (Record no. 83220)
[ view plain ]
| 000 -LEADER | |
|---|---|
| fixed length control field | 00927cad a22002055a 4500 |
| 001 - CONTROL NUMBER | |
| control field | E153180 |
| 008 - FIXED-LENGTH DATA ELEMENTS--GENERAL INFORMATION | |
| fixed length control field | 110620e20110301xxk 000 0 eng d |
| 035 ## - SYSTEM CONTROL NUMBER | |
| System control number | (Sirsi) u153180 |
| 041 0# - LANGUAGE CODE | |
| Language code of text/sound track or separate title | eng |
| 100 1# - MAIN ENTRY--PERSONAL NAME | |
| Personal name | Reaney, Paul |
| 245 00 - TITLE STATEMENT | |
| Title | RICS members advise on the use of cavity wall insulation |
| Medium | [electronic resource] |
| 260 ## - PUBLICATION, DISTRIBUTION, ETC. | |
| Date of publication, distribution, etc. | 2011 |
| 490 ## - SERIES STATEMENT | |
| Series statement | RICS Feature |
| Volume/sequential designation | 1 March 2011 |
| 520 ## - SUMMARY, ETC. | |
| Summary, etc. | Discusses issues to be considered by home owners in Scotland before opting to have cavity wall insulation. Aspects discussed include the age and construction type of the property, as well as the type of fill material being used and the closing of cavities. |
| 590 ## - LOCAL NOTE (RLIN) | |
| Local note | KA |
| 651 #4 - SUBJECT ADDED ENTRY--GEOGRAPHIC NAME | |
| Geographic name | Scotland |
| Chronological subdivision | 1999- |
| 690 ## - LOCAL SUBJECT ADDED ENTRY--TOPICAL TERM (OCLC, RLIN) | |
| Topical term or geographic name as entry element | ENVIRONMENTAL AND LAND CONSULTANCY-ENERGY-ENERGY USE-ENERGY EFFICIENCY |
| 856 40 - ELECTRONIC LOCATION AND ACCESS | |
| Uniform Resource Identifier | <a href="https://www.rics.org/site/scripts/news_article.aspx?newsID=2120">https://www.rics.org/site/scripts/news_article.aspx?newsID=2120</a> |
| Public note | View the article free of charge at www.rics.org |
| 942 ## - ADDED ENTRY ELEMENTS (KOHA) | |
| Suppress in OPAC | 0 |
| Withdrawn status | Lost status | Source of classification or shelving scheme | Damaged status | Not for loan | Home library | Current library | Shelving location | Date acquired | Total Checkouts | Full call number | Barcode | Date last seen | Copy number | Price effective from | Koha item type |
|---|---|---|---|---|---|---|---|---|---|---|---|---|---|---|---|
| Dewey Decimal Classification | Virtual | Virtual | Online | 20/06/2011 | ONLINE PUBLICATION | 153180-2001 | 06/08/2019 | 1 | 06/08/2019 | Journal article |